| 000 | 00563nam a22002057a 4500 | ||
|---|---|---|---|
| 003 | DO-SdBNP | ||
| 005 | 20240307073950.0 | ||
| 007 | ta | ||
| 008 | 230222b2010 dr cd||| |||| 00| 0 spa d | ||
| 020 | _a9789945470048 | ||
| 040 |
_aDO-SdBNP _bspa _cBNPHU |
||
| 049 | _aBNPD | ||
| 082 | 4 | _222 | |
| 110 | 1 |
_aRepública Dominicana. _b Junta Central Electoral _964605 |
|
| 245 | 0 | 0 | _aMemorias de la comisión de oficialías 2006-2007 /. |
| 260 |
_aSanto Domingo : _bJCE, _c2008. |
||
| 300 |
_a174 p. ; _c27 cm. |
||
| 590 | _aInventariado, 2023/BT | ||
| 942 |
_2ddc _cLBS1 |
||
| 999 |
_c53137 _d53137 |
||